[Event "Regionalliga NW 1617"]
[Site "Bayern"]
[Date "2017.04.30"]
[Round "9.6"]
[White "Markert, Markus"]
[Black "Dehler, Juergen"]
[Result "1-0"]
[WhiteElo "1901"]
[BlackElo "1728"]
[PlyCount "65"]
[EventDate "2016.10.16"]
[EventType "team-tourn"]
[EventRounds "9"]
[EventCountry "GER"]
[SourceTitle "EXT 2019"]
[Source "ChessBase"]
[SourceDate "2018.10.10"]
[SourceVersion "1"]
[SourceVersionDate "2018.10.10"]
[SourceQuality "1"]
[WhiteTeam "Bad Neustadt"]
[BlackTeam "Weidhausen"]
[WhiteTeamCountry "GER"]
[BlackTeamCountry "GER"]

1. d4 d5 2. Nf3 e6 3. Bf4 Nf6 4. e3 c5 5. c3 Be7 6. dxc5 Bxc5 7. Bd3 0-0 8. Nbd2 Nc6 9. Qc2 Re8 10. Bg5 h6 11. Bh4 e5 12. e4 d4 13. 0-0 dxc3 14. bxc3 Bg4 15. Rab1 b6 16. Bb5 Re6 17. Bxc6 Rxc6 18. Nxe5 Rd6 19. Ndc4 g5 20. Nxd6 Bxd6 21. Nxg4 Nxg4 22. Bg3 Bc5 23. e5 h5 24. e6 Qf6 25. exf7+ Kg7 26. Qe4 Rf8 27. h3 h4 28. Bxh4 gxh4 29. Qxg4+ Kxf7 30. Rbd1 Rg8 31. Qd7+ Be7 32. Rd5 Kg6 33. Re1 1-0

[Event "Regionalliga NW 1617"]
[Site "Bayern"]
[Date "2017.02.19"]
[Round "6.6"]
[White "Link, Robert"]
[Black "Dehler, Juergen"]
[Result "1/2-1/2"]
[WhiteElo "1914"]
[BlackElo "1728"]
[PlyCount "42"]
[EventDate "2016.10.16"]
[EventType "team-tourn"]
[EventRounds "9"]
[EventCountry "GER"]
[SourceTitle "EXT 2019"]
[Source "ChessBase"]
[SourceDate "2018.10.10"]
[SourceVersion "1"]
[SourceVersionDate "2018.10.10"]
[SourceQuality "1"]
[WhiteTeam "Klingenberg/Main"]
[BlackTeam "Weidhausen"]
[WhiteTeamCountry "GER"]
[BlackTeamCountry "GER"]

1. e4 c5 2. Nf3 g6 3. d4 cxd4 4. Nxd4 Bg7 5. Be3 Nf6 6. Nc3 0-0 7. Bc4 Nxe4 8. Nxe4 d5 9. Bxd5 Qxd5 10. Qf3 Rd8 11. c3 e5 12. Nb3 Bf5 13. Ned2 e4 14. Qe2 Nc6 15. 0-0 Ne5 16. Bd4 Nd3 17. f3 exf3 18. Nxf3 Re8 19. Qd2 Ne5 20. Nxe5 Bxe5 21. Rae1 Bxd4+ 1/2-1/2

[Event "Regionalliga NW 1617"]
[Site "Bayern"]
[Date "2017.01.15"]
[Round "4.6"]
[White "Rebhan, Gilbert Andre"]
[Black "Dehler, Juergen"]
[Result "1-0"]
[WhiteElo "1837"]
[BlackElo "1728"]
[PlyCount "77"]
[EventDate "2016.10.16"]
[EventType "team-tourn"]
[EventRounds "9"]
[EventCountry "GER"]
[SourceTitle "EXT 2019"]
[Source "ChessBase"]
[SourceDate "2018.10.10"]
[SourceVersion "1"]
[SourceVersionDate "2018.10.10"]
[SourceQuality "1"]
[WhiteTeam "Kronach"]
[BlackTeam "Weidhausen"]
[WhiteTeamCountry "GER"]
[BlackTeamCountry "GER"]

1. d4 d5 2. Nf3 Nf6 3. e3 Bf5 4. Nbd2 e6 5. Be2 Be7 6. b3 0-0 7. 0-0 Nbd7 8. Bb2 c6 9. Nh4 Bg6 10. Nxg6 hxg6 11. f4 Ne8 12. Rf3 f5 13. Rh3 Nef6 14. g4 Kf7 15. g5 Ne4 16. Nxe4 dxe4 17. c4 Rh8 18. Rg3 Nb6 19. Qc2 Qc7 20. Qc3 Rh7 21. Bf1 Rah8 22. h3 Bf8 23. a4 Nd7 24. b4 a6 25. Rd1 Nb6 26. Qb3 Be7 27. a5 Nc8 28. d5 cxd5 29. cxd5 exd5 30. Qxd5+ Ke8 31. Qe6 Qc6 32. Qb3 Nd6 33. Rc1 Qd7 34. Be5 Rf8 35. Kh2 Bd8 36. Rg2 Qf7 37. Qd1 Nb5 38. Rd2 Be7 39. Rc8+ 1-0

[Event "Regionalliga NW 1617"]
[Site "Bayern"]
[Date "2016.10.16"]
[Round "1.6"]
[White "Dehler, Juergen"]
[Black "Mehling, Franziska"]
[Result "1/2-1/2"]
[WhiteElo "1728"]
[BlackElo "1716"]
[PlyCount "89"]
[EventDate "2016.10.16"]
[EventType "team-tourn"]
[EventRounds "9"]
[EventCountry "GER"]
[SourceTitle "EXT 2019"]
[Source "ChessBase"]
[SourceDate "2018.10.10"]
[SourceVersion "1"]
[SourceVersionDate "2018.10.10"]
[SourceQuality "1"]
[WhiteTeam "Weidhausen"]
[BlackTeam "Stetten"]
[WhiteTeamCountry "GER"]
[BlackTeamCountry "GER"]

1. d4 Nf6 2. c4 g6 3. Nc3 Bg7 4. e4 d6 5. Nf3 0-0 6. Be2 e5 7. d5 Nbd7 8. b4 a6 9. Bg5 h6 10. Bd2 Ne8 11. 0-0 f5 12. exf5 gxf5 13. Rc1 Kh8 14. g3 Rg8 15. Nh4 Nf8 16. Bh5 Qe7 17. Bg6 f4 18. Bb1 Bf6 19. Nf5 Bxf5 20. Bxf5 Qf7 21. Bh3 Qg6 22. Kh1 fxg3 23. fxg3 Ng7 24. Qf3 Nh7 25. Ne4 Raf8 26. Qe3 Ng5 27. Bg2 Nf5 28. Qf2 Be7 29. Nxg5 Bxg5 30. Bxg5 Qxg5 31. Qe2 Nd4 32. Qe4 Qg7 33. Bh3 Rxf1+ 34. Rxf1 Rf8 35. Qd3 Kg8 36. Rxf8+ Kxf8 37. Bc8 b6 38. Qf1+ Ke7 39. Bxa6 Qg6 40. Qf2 Qe4+ 41. Kg1 Nf3+ 42. Kf1 Nd4 43. Bc8 Qh1+ 44. Qg1 Qf3+ 45. Qf2 1/2-1/2